All historical Polish countries - Statistics

General Stats
  • This quiz has been taken 26 times
  • The average score is 5 of 21
Answer Stats
Hint Answer % Correct
1025-1795 Kingdom of Poland
73%
1917-1918 Kingdom of Poland
73%
1569-1795 Polish-Lithuanian Commonwealth
68%
1807-1815 Duchy of Warsaw
41%
1945-1952 Polish Republic
41%
1807-1814 Danzig
32%
1952-1989 Polish People's Republic
32%
966-1025 Duchy of Poland
23%
???-966 Polonia
14%
1939-1945 General Government
9%
1989- III Polish Republic
9%
1918-1939 II Polish Republic
9%
~1300-1569 Masovia
9%
1944 Warsaw Uprising
9%
1815-1848 Grand Duchy of Posen
5%
1861-1865 January Uprising
5%
1831 November Uprising
5%
1795-1918 Duchy of Galicia and Lodomeria
0%
1915-1917 General Governorate of Warsaw
0%
1939-1945 Polish Underground State
0%
1848 Poznan Uprising
0%
No matching quizzes found
Score Distribution
Percent of People with Each Score
Percentile by Number Answered
Your Score History
You have not taken this quiz